[Event "Warsaw YMCA Summer-B 188th"]
[Site "Warsaw"]
[Date "2017.08.11"]
[Round "10"]
[White "Pyka, Tomasz"]
[Black "Majek, Kacper"]
[Result "1-0"]
[WhiteElo "1451"]
[BlackElo "1499"]
[PlyCount "51"]
[EventDate "2017.07.04"]
[EventType "tourn"]
[EventRounds "10"]
[EventCountry "POL"]
[SourceTitle "EXT 2019"]
[Source "ChessBase"]
[SourceDate "2018.10.10"]
[SourceVersion "1"]
[SourceVersionDate "2018.10.10"]
[SourceQuality "1"]

1. e4 b6 2. d4 Bb7 3. Bd3 Nf6 4. Qe2 Nc6 5. Nf3 Nb4 6. Nc3 Nxd3+ 7. Qxd3 e6 8. Bg5 h6 9. Bh4 g5 10. Bg3 Bb4 11. Nd2 Bxc3 12. Qxc3 Bxe4 13. Bxc7 Qe7 14. d5 exd5 15. 0-0-0 0-0 16. h4 Qc5 17. Qxc5 bxc5 18. hxg5 hxg5 19. Be5 Kg7 20. Nxe4 dxe4 21. Rd6 Rfe8 22. Bxf6+ Kg6 23. Bc3+ Kf5 24. Rxd7 Ke6 25. Rc7 Rac8 26. Rh6+ 1-0

[Event "Warsaw YMCA Summer-B 188th"]
[Site "Warsaw"]
[Date "2017.08.02"]
[Round "7"]
[White "Szumigaj, Marcin"]
[Black "Pyka, Tomasz"]
[Result "1/2-1/2"]
[WhiteElo "1433"]
[BlackElo "1451"]
[PlyCount "64"]
[EventDate "2017.07.04"]
[EventType "tourn"]
[EventRounds "10"]
[EventCountry "POL"]
[SourceTitle "EXT 2019"]
[Source "ChessBase"]
[SourceDate "2018.10.10"]
[SourceVersion "1"]
[SourceVersionDate "2018.10.10"]
[SourceQuality "1"]

1. d4 Nf6 2. c4 g6 3. Nc3 d5 4. cxd5 Nxd5 5. e4 Nxc3 6. bxc3 Bg7 7. Nf3 0-0 8. Rb1 c5 9. Be2 Nc6 10. d5 Ne5 11. Bd2 Qa5 12. Nxe5 Bxe5 13. Qc1 Qxa2 14. h4 Qa4 15. c4 Bg7 16. h5 b6 17. Bd1 Qd7 18. Bh6 Qd6 19. Bxg7 Kxg7 20. Rb3 Kh8 21. Qc3+ Qf6 22. e5 Qg5 23. hxg6 fxg6 24. e6+ Qf6 25. Qxf6+ Rxf6 26. Rbh3 h5 27. g4 b5 28. gxh5 g5 29. cxb5 Bb7 30. Rg1 Rd8 31. Rxg5 Bxd5 32. Rg6 Bxe6 1/2-1/2

[Event "Warsaw YMCA Summer-B 188th"]
[Site "Warsaw"]
[Date "2017.07.07"]
[Round "2"]
[White "Pyka, Tomasz"]
[Black "Kwiek, Janusz"]
[Result "1/2-1/2"]
[WhiteElo "1451"]
[BlackElo "1475"]
[PlyCount "126"]
[EventDate "2017.07.04"]
[EventType "tourn"]
[EventRounds "10"]
[EventCountry "POL"]
[SourceTitle "EXT 2019"]
[Source "ChessBase"]
[SourceDate "2018.10.10"]
[SourceVersion "1"]
[SourceVersionDate "2018.10.10"]
[SourceQuality "1"]

1. e4 c5 2. Nf3 d6 3. d4 cxd4 4. Nxd4 Nf6 5. Nc3 a6 6. Bg5 e6 7. f4 Be7 8. Qf3 Qb6 9. 0-0-0 Nc6 10. Nb3 Bd7 11. Be2 Rc8 12. Qg3 Qc7 13. Bf3 b5 14. Rd2 b4 15. Ne2 a5 16. Rhd1 a4 17. Nbd4 Nxd4 18. Nxd4 a3 19. e5 axb2+ 20. Kb1 Nd5 21. Bxd5 exd5 22. Bxe7 Kxe7 23. Qxg7 dxe5 24. Re1 e4 25. Qg5+ Kf8 26. Qxd5 Re8 27. Qg5 Rg8 28. Qh6+ Rg7 29. f5 Kg8 30. g3 Qa5 31. Qe3 Qa3 32. Qxa3 bxa3 33. Re3 Rg5 34. Rxa3 Bxf5 35. Nxf5 Rxf5 36. Re2 Rfe5 37. Kxb2 f5 38. Ra7 h5 39. Rb7 R8e6 40. a4 h4 41. Kb3 hxg3 42. hxg3 Rg6 43. Re3 Rf6 44. Rb5 Re7 45. Kc4 Rc7+ 46. Rc5 Rxc5+ 47. Kxc5 Kf7 48. a5 Ke7 49. Kb5 Kd7 50. c4 Kc7 51. c5 Rf8 52. Kc4 Kc6 53. Rb3 Re8 54. Rb6+ Kc7 55. Kd4 e3 56. Rb1 e2 57. Re1 Kc6 58. Kd3 Rg8 59. Rxe2 Rxg3+ 60. Kd4 Rg4+ 61. Ke5 Re4+ 62. Rxe4 fxe4 63. Kxe4 Kxc5 1/2-1/2

[Event "Torun op"]
[Site "Torun"]
[Date "2002.??.??"]
[Round "8"]
[White "Bator, Przemyslaw"]
[Black "Pyka, Tomasz"]
[Result "1/2-1/2"]
[WhiteElo "1800"]
[BlackElo "1800"]
[PlyCount "22"]
[EventDate "2002.??.??"]
[EventType "swiss"]
[EventRounds "9"]
[EventCountry "POL"]
[SourceTitle "EXT 2007"]
[Source "ChessBase"]
[SourceDate "2006.11.23"]
[SourceVersion "1"]
[SourceVersionDate "2006.11.23"]
[SourceQuality "1"]

1. c4 g6 2. Nc3 Bg7 3. g3 Nf6 4. Bg2 0-0 5. Nf3 c6 6. 0-0 d5 7. cxd5 cxd5 8. d4 Nc6 9. e3 e6 10. b3 Bd7 11. Ba3 Re8 1/2-1/2

[Event "Torun op"]
[Site "Torun"]
[Date "2002.??.??"]
[Round "4"]
[White "Pyka, Tomasz"]
[Black "Kubicki, Marek"]
[Result "0-1"]
[WhiteElo "1800"]
[BlackElo "2124"]
[PlyCount "71"]
[EventDate "2002.??.??"]
[EventType "swiss"]
[EventRounds "9"]
[EventCountry "POL"]
[SourceTitle "EXT 2007"]
[Source "ChessBase"]
[SourceDate "2006.11.23"]
[SourceVersion "1"]
[SourceVersionDate "2006.11.23"]
[SourceQuality "1"]

1. e4 c6 2. d4 d5 3. Nc3 dxe4 4. Nxe4 Nf6 5. Nxf6+ gxf6 6. Bc4 Bf5 7. Be3 e6 8. Ne2 Bd6 9. Ng3 Bg6 10. Bd3 Nd7 11. Qd2 Qc7 12. 0-0-0 f5 13. f4 Nf6 14. Rdf1 0-0-0 15. Ne2 Nd5 16. c3 Kb8 17. Kb1 Rc8 18. Bc2 Rhd8 19. h3 c5 20. dxc5 Bxc5 21. Bxc5 Qxc5 22. Nd4 Nf6 23. Re1 Ne4 24. Bxe4 fxe4 25. Qe2 e5 26. fxe5 Qxe5 27. g4 Re8 28. Qe3 h5 29. Rhg1 hxg4 30. Rxg4 a6 31. Rg5 Qf6 32. Nb3 Re5 33. Rg3 Rh5 34. Nd4 Rch8 35. Rd1 Qe7 36. Rh1 0-1